| 000 | 02224nam0a2200325 4500 | ||
|---|---|---|---|
| 001 | RU\NLR\BIBL_A\011497181 | ||
| 005 | 20260503055958.0 | ||
| 010 |
_a9785950068355 _9500 |
||
| 021 |
_aRU _b2017-70082 _94977 |
||
| 035 | _a(RuMoRGB)009394827 | ||
| 035 | _a(NLR Aleph) 011497181 | ||
| 090 |
_a11977659 _c11977659 |
||
| 100 | _a20171016d2017 k y0rusy50 ca | ||
| 101 | 0 | _arus | |
| 102 | _aRU | ||
| 105 | _aa j 000zy | ||
| 200 | 1 |
_aЗемледелие _eучебное пособие для студентов направления подготовки бакалавр 110400.62 по специальности "Агрономия" _fД. А. Уполовников, Е. П. Денисов, К. Е. Денисов [и др.] _gМинистерство сельского хозяйства Российской Федерации, Федеральное государственное бюджетное образовательное учреждение высшего образования "Саратовский государственный аграрный университет имени Н. И. Вавилова" |
|
| 210 |
_aСаратов _cФедеральное государственное бюджетное образовательное учреждение высшего образования "Саратовский государственный аграрный университет им. Н. И. Вавилова" _cАмирит _d2017 |
||
| 215 |
_a283 с. _cцв. ил. _d21 |
||
| 320 | _aБиблиогр.: с. 279-280 | ||
| 606 | 1 |
_aЗемледелие _jУчебные издания для высших учебных заведений _9901031 _3RU\NLR\AUTH\667501 |
|
| 686 |
_aП14я73-1 _2rubbk |
||
| 686 | 1 | _aП14я73 | |
| 701 | 1 |
_aУполовников _bД. А. _gДмитрий Александрович |
|
| 701 | 1 |
_7ca _8rus _aДенисов _bЕ. П. _cд-р с.-х. наук _f1939-2018 _gЕвгений Петрович _9181017 _3RU\NLR\AUTH\770181068 |
|
| 701 | 1 |
_aДенисов _bК. Е. _cд-р с.-х. наук _gКонстантин Евгеньевич _9132325 _3RU\NLR\AUTH\770132359 |
|
| 942 | _cBOOK | ||
| 980 | _aNBR | ||